000 00471nam a2200181Ia 4500
003 GCL
008 140319s9999 xx 000 0 ara d
040 _aGCL /
_cGCL
082 0 4 _a823.03
_bج ا
100 1 _aاسامة منزلجى
245 1 0 _aاهالى دبلن /
_cاسامة منزلجى
700 1 _aجويسى، جيمس
300 _a180
490 _a100 قصة
_v0
650 0 4 _aالادب الانجليزى
650 0 4 _aالقصص
942 _2ddc
_cBK
999 _c43785
_d43785